000 00282nam a2200097Ia 4500
082 _a3222.42092|KASR
245 0 _aThe unlikely secret agent
100 _a Kasrils, Ronald Auckland Park, South Africa, 2010
_960969
942 _cBK
008 210817s9999 xx 000 0 und d
999 _c191761
_d191760